| 000 | 01493cam a2200421 i 4500 | ||
|---|---|---|---|
| 001 | 1057762012 | ||
| 003 | OSt | ||
| 005 | 20250604100008.0 | ||
| 008 | 181019t20192019paua b 001 0 eng | ||
| 020 | _a9780323479103 (hardcover) | ||
| 024 | _cUSD 56.00 | ||
| 040 |
_aNUST _beng _erda _cNUST _dNUST |
||
| 050 | 4 | _aRG526 CRE | |
| 245 | 0 | 0 |
_aCreasy and Resnik's maternal-fetal medicine : _bprinciples and practice / _ceditors, Robert Resnik, Charles J. Lockwood, Thomas R. Moore, Michael F. Greene, Joshua A. Copel, Robert M. Silver |
| 250 | _aEighth edition. | ||
| 260 |
_aPhildadephia : _bElsevier, _c©2019. |
||
| 300 |
_axviiii, 1388 pages : _bcolor illustrations ; _c29 cm. |
||
| 336 |
_atext _btxt _2rdacontent |
||
| 337 |
_aunmediated _bn _2rdamedia |
||
| 338 |
_avolume _bnc _2rdacarrier |
||
| 504 | _aIncludes bibliographical references and index. | ||
| 650 | 1 | 2 | _xFetal Diseases. |
| 650 | 2 | 2 | _vFetus --- physiology. |
| 650 | 2 | 2 | _xPregnancy --- physiology. |
| 650 | 2 | 2 | _xPregnancy Complications. |
| 650 | 2 | 2 | _xPrenatal Diagnosis. |
| 650 | 0 | _xObstetrics | |
| 650 | 0 | _xPerinatology | |
| 650 | 0 | _xPregnancy --- Physiology | |
| 650 | 0 | _xPrenatal diagnosis | |
| 650 | 0 | _xFetus --- Physiology | |
| 700 | 1 |
_aResnik, Robert, _eEditor |
|
| 700 | 1 |
_aLockwood, Charles J., _eEditor |
|
| 700 | 1 |
_aMoore, Thomas R., _eEditor |
|
| 700 | 1 |
_aGreene, Michael F., _eEditor |
|
| 700 | 1 |
_aCopel, Joshua A., _eEditor |
|
| 942 |
_2lcc _cBOOKS _eEighth edition _hRG526 _kRG _mCRE _n0 |
||
| 999 |
_c170599 _d170599 |
||